| 000 | 00626nam a2200193Ia 4500 | ||
|---|---|---|---|
| 003 | GCL | ||
| 008 | 140319s9999 xx 000 0 ara d | ||
| 040 |
_aGCL / _cGCL |
||
| 082 | 0 | 4 |
_a371.95 _bوت |
| 100 | 1 | _aويب\ حيمس ت | |
| 245 | 1 | 0 |
_aتوجيه الطفل المتفوق عقليا مرجع علم للأباء والمعلمين / _cويب\ حيمس ت |
| 700 | 1 | _aميكستروق, اليزابيث | |
| 260 |
_aالكويت : _bالجمعية الكويتية ، _c1985 |
||
| 300 |
_a205ص ؛ _c22 سم |
||
| 490 |
_a100 قصة _v0 |
||
| 650 | 0 | 4 | _aالاطفال |
| 650 | 0 | 4 | _aالنمو |
| 942 |
_2ddc _cBK |
||
| 999 |
_c43381 _d43381 |
||